ნორმალური ფორმატი
MARC ფორმატი
ჩანაწერი Corporate Name
ჩანაწერთა რაოდენობა, რომელიც გამოყენებულია: 1
001 - CONTROL NUMBER
- control field: 7946
003 - CONTROL NUMBER IDENTIFIER
- control field: GE_BSU
005 - DATE AND TIME OF LATEST TRANSACTION
- control field: 20200421224010.0
008 - FIXED-LENGTH DATA ELEMENTS
- fixed length control field: 200421|| aca||aabn | a|a d
040 ## - CATALOGING SOURCE
- Original cataloging agency: GE_BSU
- Transcribing agency: GE_BSU
110 ## - HEADING--CORPORATE NAME
- Corporate name or jurisdiction name as entry element: საქრთველოს სსრ მეცნიერებათა აკადემია
670 ## - SOURCE DATA FOUND
- Source citation: Work cat.: (GE_BSU)52741: აბულაძე, ილია 3494, ძველი ქართული ენის ლექსიკონი : მასალები = Словарь древнегрузинского языка /
